| 000 | 00634nam a2200253 a 4500 | ||
|---|---|---|---|
| 001 | nice12345678 | ||
| 003 | IN_TiNIC | ||
| 005 | 20260116011306.0 | ||
| 008 | 050524s1899 luca grp 000 0 per | ||
| 020 |
_a _c100 |
||
| 082 | 0 | 0 |
_a891.51 _bNAS |
| 100 | _aNasar, S M Ali Habeeb | ||
| 245 | _aDiwan-E-Mojiz Bayan | ||
| 260 |
_aLucknow _bAnwar-I-Mohammadi Press _c1899 |
||
| 300 | _a360p | ||
| 500 | _aincludes index and biblioraphy | ||
| 505 | 2 | _aIndex, 145p | |
| 650 | _aPersian Poetry-Hairat Badayuni | ||
| 650 | _aPersian Poetry | ||
| 700 | 1 | _aNasar, S M Ali Habeeb | |
| 902 | _bSRS | ||
| 942 | _cBK | ||
| 999 |
_c232 _d232 |
||